000 00671nam a22002417a 4500
003 UA-OsUOA
001 47235
007 ta
008 20120606b un ||||| |||| 00| 0 ukr d
100 _aHarzendorf F.
090 _a09.-94(100)
942 _cBK
040 _aUA-OsUOA
_bger
_cUA-OsUOA
_dUA-OsUOA
245 _aSo Kames. Der Deutsche Irrweg von Bismarck bis Hitler.
300 _a101 s.
955 _a1
041 _ager
080 _a09.-94(100)
260 _aRadolfzell
_c1947
650 7 _a0 Загальний відділ.
_2UDC
999 _c427341
_d427341